Ronaldo - Statistics

Estatísticas Gerais
  • Esse quiz foi jogado 135 vezes
  • A pontuação média é 8 de 8
Estatísticas das Respostas
Anos Clubes % Correto
2002-2007 Real Madrid
98%
1996-1997 Barcelona
97%
(Seleção)1994-2011 Brasil
97%
2009-2011 Corinthians
96%
1993-1994 Cruzeiro
96%
1997-2002 Inter de Milão
95%
2007-2008 Milan
93%
1994-1996 PSV
89%
Nenhum quiz correspondente encontrado
Distribuição das Pontuações
Porcentagem de Pessoas com Cada Pontuação
Percentil de Números Respondidos
Sua Pontuação Histórica
Você não jogou esse quiz